header

Pocket world in figures (Record no. 152928)

MARC details
000 -LEADER
fixed length control field 01288nam a2200349 a 4500
245 00 - TITLE STATEMENT
Title Pocket world in figures
250 ## - EDITION STATEMENT
Edition statement 2008 ed.
260 ## - PUBLICATION, DISTRIBUTION, ETC. (IMPRINT)
Place of publication London :
Name of publisher Economist in association with Profile Books,
Year of publication 2007.
300 ## - PHYSICAL DESCRIPTION
Number of Pages 254 p.
500 ## - GENERAL NOTE
General note At head of title: The Economist.
505 0# - FORMATTED CONTENTS NOTE
Formatted contents note pt. 1. World rankings -- pt. 2. Country profiles.
650 #0 - SUBJECT ADDED ENTRY--TOPICAL TERM
Topical Term Statistics.
Topical Term Social indicators.
Topical Term Population
Topical Term Quality of life
Topical Term Economic history
Topical Term Economic indicators.
856 40 - ELECTRONIC LOCATION AND ACCESS
Uniform Resource Identifier http://site.ebrary.com/lib/rucke/Doc?id=10235171

No items available.

© 2026 Rongo University
Contact us: librarian | system librarian | Rongo university